00535nam a22001697a 450000500170000001000150001702000260003203500130005803700130007108200140008410000230009824500510012126000460017227000730021830000240029150000500031520130501113905.0 aENG-106928 a9788177082623c545.00 aEN-90461 bDBAD/PUB a332.10954 aChakrabarti, Manas aRural banking in India /cby Manas Chakrabarti aNew DelhibNew Century Publicationsc2011 a4800/24, Bharat Ram Road, Ansari Road, Darya GanjbNew Delhie110002 axv,184p. c22cm(Hb) aIncludes bibliographical references and index